000 00668nam a22002057a 4500
003 0
005 20230907145343.0
008 230907b xxu||||| |||| 00| 0 eng d
020 _a978-0-367-68167-8
050 _aRC 451.4
_b.M56 2023
100 _aMinshew, Reese
245 _aTreating trauma in trans people : an intersectional, phase-based approach
_cReese Minshew
250 _aFirst edition
260 _aNew York
_bRoutledge
_cc2023.
300 _aviii, 179 pages ;
_c23cm.
500 _aTransgender people--Mental health.
504 _aIncludes bibliographical references and index.
650 _aTransgender people--Mental health.
942 _2lcc
_cBK
999 _c365266
_d365266